01315nam a22002537a 4500003000900000008004100009040007100050082002300121110003300144245004500177260003100222300002900253440009800282505043800380650001900818650003000837650002400867650003000891700003100921700003900952700001900991700002701010700002401037AR-CdUCM190425b ||||| |||| 00| 0 spa d aMUNICIPALIDAD PROVINCIAL DEL CUSCOcBIBLIOTECA MUNICIPAL DEL CUSCO aRev.Allp/N°1/1969 aInstituto de Pastoral Andina aAllpanchis Phuturinqa :bRevista Anual / aCusco :bGarcilaso,c1969. a154 páginas. :c20 cm. aRevista del Instituto de Pastoral Andina CusconAño [?], [?] semestre de 1969, N°1. Vol. I aContenido: El hombre y la familia su matrimonio y organización político social en Qero. Oscar Nuñez del Prado. -- El cambio de la suerte. Jorge Lira. -- El Velakuy. Juan Víctor Niñez del Prado. -- La novena al Señor Qoylluriti. -- La cristianización del indígena Peruano. Manuel Marzal. -- Valores culturales de los Aymaras. Domingo Llanque Chana. -- Temible Ñaqaq. Juan Antonio Manya. -- El despacho. Luis Dalle.  aCultura andina aAntropología cusqueña aReligiosidad andina aConstumbres y tradiciones aNúñez del Prado, Oscar aNúñez del Prado, Juan Víctor aMarzal, Manuel aLlanque Chana, Domingo aManya, Juan Antonio